000 00599cam a22002173a 4500
001 39864
003 PGUSA
005 20140828083904.0
008 120531s2012||||xxu|||||s|||||000 | eng d
040 _aPGUSA
_beng
042 _adc
100 1 _aMcDonald, W.
245 1 4 _aThe Young People's Wesley
_h[electronic resource] /
_cW. McDonald
260 _bProject Gutenberg,
_c2012
506 _aPublic domain in the USA.
516 _aElectronic text
700 1 _aMallalieu, Bishop W. F.
830 0 _aProject Gutenberg
_v39864
856 4 0 _uhttp://www.gutenberg.org/ebooks/39864
942 _cEB
999 _c269117
_d269117